|
|
|
|
| LEADER |
01041naa a2200205 i 4500 |
| 001 |
acta82833 |
| 005 |
20240108115523.0 |
| 008 |
240108s2017 hu o 1|| hun d |
| 040 |
|
|
|a SZTE Egyetemi Kiadványok Repozitórium
|b hun
|
| 041 |
|
|
|a hun
|
| 100 |
1 |
|
|a Csikós Nándor
|
| 245 |
1 |
0 |
|a Biogáz üzemek és az energianövények tájra gyakorolt hatásának vizsgálata geoinformatikai és statisztikai módszerekkel németországi mintaterület alapján
|h [elektronikus dokumentum] :
|b [absztrakt] /
|c Csikós Nándor
|
| 260 |
|
|
|c 2017
|
| 300 |
|
|
|a 17-18
|
| 490 |
0 |
|
|a Móra Kárpát-medencei Interdiszciplináris Szakkollégiumi Konferencia
|v 1
|
| 650 |
|
4 |
|a Természettudományok
|
| 650 |
|
4 |
|a Föld- és kapcsolódó környezettudományok
|
| 695 |
|
|
|a Térinformatika - Németország - előadáskivonat, Megújuló energiaforrás - hasznosítás - előadáskivonat
|
| 711 |
|
|
|a I. Móra Interdiszciplináris Konferencia
|c Szeged
|d 2017. december 1-2.
|
| 856 |
4 |
0 |
|u http://acta.bibl.u-szeged.hu/82833/1/morakonf_2017_017-018.pdf
|z Dokumentum-elérés
|